[Event "Deutsche Ländermeisterschaft 2017"]
[Site "Hannover GER"]
[Date "2017.10.03"]
[Round "6"]
[White "Reitz, Theresa"]
[Black "Reindl, Jork"]
[Result "1-0"]
[Termination "normal"]
[Board "5.7"]
[WhiteElo "1730"]
[BlackElo "1509"]
[WhiteClock "00:05:03"]
[BlackClock "00:00:32"]
[WhiteTeam "Rheinland-Pfalz"]
[BlackTeam "Württemberg"]
[PlyCount "73"]
[WhiteFideId "12971901"]
[BlackFideId "16200152"]
[EventCountry "GER"]
[EventRounds "7"]
[EventType "team-swiss"]
[EventDate "2017.09.29"]

1. e4 {[%clk 1:30:59]} e6 {[%clk 1:30:50]} 2. d4 d5 {[%clk 1:31:10]} 3. e5
{[%clk 1:31:50]} c5 {[%clk 1:31:37]} 4. c3 {[%clk 1:32:15]} Nc6 {[%clk
1:32:03]} 5. Nf3 {[%clk 1:32:40]} Qb6 {[%clk 1:31:47]} 6. a3 {[%clk 1:32:58]}
Bd7 {[%clk 1:30:40]} 7. b4 {[%clk 1:33:13]} c4 {[%clk 1:29:33]} 8. g3 {[%clk
1:21:30]} Nge7 {[%clk 1:28:17]} 9. Bg2 {[%clk 1:19:29]} g6 {[%clk 1:23:55]} 10.
Bg5 {[%clk 1:16:45]} Bg7 {[%clk 1:19:33]} 11. Qd2 {[%clk 1:11:21]} a6 {[%clk
1:13:22]} 12. O-O {[%clk 0:58:46]} O-O {[%clk 1:11:08]} 13. g4 {[%clk 0:55:01]}
Rfe8 {[%clk 1:06:35]} 14. Bf6 {[%clk 0:51:53]} Kf8 {[%clk 0:48:40]} 15. Qf4
{[%clk 0:44:04]} h6 {[%clk 0:34:53]} 16. Nh4 {[%clk 0:27:32]} Kg8 {[%clk
0:21:04]} 17. Bxg7 {[%clk 0:23:07]} Kxg7 {[%clk 0:20:36]} 18. Qf6+ {[%clk
0:21:42]} Kg8 {[%clk 0:19:46]} 19. Kh1 {[%clk 0:19:27]} Qd8 {[%clk 0:18:56]}
20. Nf3 {[%clk 0:17:22]} Nc8 {[%clk 0:17:43]} 21. Qf4 {[%clk 0:17:43]} Kg7
{[%clk 0:16:13]} 22. Qe3 {[%clk 0:16:25]} b5 {[%clk 0:14:24]} 23. Ng1 {[%clk
0:14:54]} Rh8 {[%clk 0:12:17]} 24. f4 {[%clk 0:12:46]} N8e7 {[%clk 0:10:56]}
25. Bh3 {[%clk 0:12:09]} h5 {[%clk 0:09:52]} 26. f5 {[%clk 0:11:05]} exf5
{[%clk 0:09:55]} 27. gxf5 {[%clk 0:10:19]} Nxf5 {[%clk 0:09:14]} 28. Bxf5
{[%clk 0:10:42]} Bxf5 {[%clk 0:09:35]} 29. Nd2 {[%clk 0:09:53]} f6 {[%clk
0:05:19]} 30. Qg3 {[%clk 0:09:17]} Kh7 {[%clk 0:04:03]} 31. Ngf3 {[%clk
0:07:51]} fxe5 {[%clk 0:03:58]} 32. Ng5+ {[%clk 0:07:32]} Kg8 {[%clk 0:00:52]}
33. Rxf5 {[%clk 0:06:57]} h4 {[%clk 0:01:02]} 34. Qg2 {[%clk 0:06:09]} h3
{[%clk 0:00:50]} 35. Qg3 {[%clk 0:06:02]} exd4 {[%clk 0:00:50]} 36. Nf7 {[%clk
0:05:31]} Qh4 {[%clk 0:00:32]} 37. Qxg6+ {[%clk 0:05:03]} 1-0

[Event "Deutsche Ländermeisterschaft 2017"]
[Site "Hannover GER"]
[Date "2017.10.03"]
[Round "6"]
[White "Liu, Sijia Anna"]
[Black "Kalina, Lena"]
[Result "1/2-1/2"]
[Termination "normal"]
[Board "5.8"]
[WhiteElo "1577"]
[BlackElo "1402"]
[WhiteClock "00:00:50"]
[BlackClock "00:01:46"]
[WhiteTeam "Württemberg"]
[BlackTeam "Rheinland-Pfalz"]
[PlyCount "136"]
[WhiteFideId "12989746"]
[BlackFideId "12988014"]
[EventCountry "GER"]
[EventRounds "7"]
[EventType "team-swiss"]
[EventDate "2017.09.29"]

1. e4 {[%clk 1:30:58]} c5 {[%clk 1:30:52]} 2. Nf3 {[%clk 1:31:06]} Nc6 {[%clk
1:31:07]} 3. d4 {[%clk 1:31:22]} cxd4 {[%clk 1:31:31]} 4. Nxd4 {[%clk 1:31:35]}
g6 {[%clk 1:31:41]} 5. Nc3 Bg7 {[%clk 1:31:51]} 6. Be3 {[%clk 1:32:02]} Nf6
{[%clk 1:31:54]} 7. Bc4 {[%clk 1:31:58]} O-O {[%clk 1:32:05]} 8. O-O {[%clk
1:29:46]} Nxe4 {[%clk 1:28:28]} 9. Bxf7+ {[%clk 1:27:49]} Rxf7 {[%clk 1:26:58]}
10. Nxe4 {[%clk 1:27:17]} d5 {[%clk 1:23:56]} 11. Ng5 {[%clk 1:15:51]} Rf6
{[%clk 1:20:14]} 12. h4 {[%clk 1:06:58]} e5 {[%clk 1:12:43]} 13. Ne2 {[%clk
1:02:55]} h6 {[%clk 1:00:41]} 14. Nf3 Bg4 15. Nh2 {[%clk 0:59:25]} Be6 {[%clk
0:48:09]} 16. Ng3 {[%clk 0:51:49]} Qd7 {[%clk 0:43:43]} 17. Qd2 {[%clk
0:50:16]} Kh7 {[%clk 0:40:21]} 18. Rad1 {[%clk 0:45:16]} Rd8 {[%clk 0:37:41]}
19. c3 {[%clk 0:37:16]} Qf7 {[%clk 0:30:09]} 20. Qc2 {[%clk 0:29:20]} Kg8
{[%clk 0:23:41]} 21. Qc1 {[%clk 0:27:51]} Kh7 {[%clk 0:23:19]} 22. Qb1 {[%clk
0:24:09]} Kg8 {[%clk 0:20:24]} 23. Qc1 {[%clk 0:23:56]} Kh7 {[%clk 0:19:29]}
24. Qb1 {[%clk 0:24:02]} Bf5 {[%clk 0:09:59]} 25. Nxf5 {[%clk 0:23:37]} Rxf5
{[%clk 0:09:11]} 26. Qc1 {[%clk 0:18:47]} Qe7 {[%clk 0:08:19]} 27. Nf3 {[%clk
0:17:51]} e4 {[%clk 0:06:38]} 28. Nd4 {[%clk 0:13:21]} Nxd4 {[%clk 0:06:48]}
29. Bxd4 {[%clk 0:10:57]} Qxh4 {[%clk 0:06:22]} 30. Bxa7 {[%clk 0:09:28]} Rh5
{[%clk 0:05:23]} 31. f3 {[%clk 0:09:40]} Qh2+ {[%clk 0:03:26]} 32. Kf2 {[%clk
0:10:04]} exf3 {[%clk 0:03:21]} 33. Kxf3 Rf5+ {[%clk 0:02:54]} 34. Ke3 {[%clk
0:06:24]} Re8+ {[%clk 0:03:00]} 35. Kd3 {[%clk 0:06:34]} Qg3+ {[%clk 0:01:58]}
36. Kc2 {[%clk 0:06:32]} Qxg2+ {[%clk 0:01:56]} 37. Kb3 {[%clk 0:05:34]} Rxf1
{[%clk 0:01:20]} 38. Rxf1 {[%clk 0:05:55]} Qg3 {[%clk 0:01:14]} 39. Rf7 {[%clk
0:04:48]} d4 {[%clk 0:01:02]} 40. Bxd4 {[%clk 0:04:13]} Rg8 {[%clk 0:00:44]}
41. Rxb7 {[%clk 0:00:47]} Qd6 {[%clk 0:29:04]} 42. Qh1 {[%clk 0:28:28]} Qe6+
{[%clk 0:28:00]} 43. c4 {[%clk 0:28:05]} h5 {[%clk 0:26:16]} 44. a4 {[%clk
0:22:28]} Kh8 {[%clk 0:24:09]} 45. Rxg7 {[%clk 0:20:45]} Rxg7 {[%clk 0:23:45]}
46. Bxg7+ {[%clk 0:19:36]} Kxg7 {[%clk 0:24:06]} 47. Qb7+ {[%clk 0:16:12]} Kh6
{[%clk 0:22:58]} 48. a5 {[%clk 0:14:40]} h4 {[%clk 0:20:25]} 49. a6 {[%clk
0:14:18]} Qe3+ {[%clk 0:19:54]} 50. Ka4 {[%clk 0:13:13]} Qe8+ {[%clk 0:19:01]}
51. Ka5 {[%clk 0:10:50]} Qe5+ {[%clk 0:17:38]} 52. Qb5 {[%clk 0:10:06]} Qe1+
{[%clk 0:16:42]} 53. Kb6 {[%clk 0:09:43]} Qe6+ {[%clk 0:15:44]} 54. Ka5 {[%clk
0:08:59]} Qe7 {[%clk 0:10:58]} 55. Kb6 {[%clk 0:07:29]} Qd8+ {[%clk 0:10:36]}
56. Kc5 {[%clk 0:05:02]} Qe7+ {[%clk 0:09:39]} 57. Kd4 {[%clk 0:04:47]} Qf6+
{[%clk 0:08:12]} 58. Kd3 {[%clk 0:04:43]} Qf3+ {[%clk 0:06:37]} 59. Kc2 {[%clk
0:04:04]} Qf2+ {[%clk 0:05:46]} 60. Kb1 {[%clk 0:03:44]} h3 61. Qd5 h2 {[%clk
0:03:27]} 62. a7 {[%clk 0:00:57]} Qg1+ {[%clk 0:00:51]} 63. Kc2 Qf2+ {[%clk
0:01:01]} 64. Kc3 {[%clk 0:00:42]} Qe3+ {[%clk 0:00:42]} 65. Kb4 {[%clk
0:00:41]} Qb6+ {[%clk 0:00:45]} 66. Kc3 {[%clk 0:00:43]} Qe3+ {[%clk 0:01:00]}
67. Kb4 {[%clk 0:00:52]} Qb6+ {[%clk 0:01:23]} 68. Kc3 {[%clk 0:00:50]} Qe3+
{[%clk 0:01:46]} 1/2-1/2

[Event "Deutsche Ländermeisterschaft 2017"]
[Site "Hannover GER"]
[Date "2017.10.03"]
[Round "6"]
[White "Niermann, Tristan"]
[Black "Weishäutel, Moritz"]
[Result "1-0"]
[Termination "normal"]
[Board "6.1"]
[WhiteElo "2277"]
[BlackElo "2077"]
[WhiteClock "00:10:46"]
[BlackClock "00:18:18"]
[WhiteTeam "Nordrhein-Westfalen"]
[BlackTeam "Thüringen"]
[PlyCount "125"]
[WhiteFideId "12990698"]
[BlackFideId "12967300"]
[EventCountry "GER"]
[EventRounds "7"]
[EventType "team-swiss"]
[EventDate "2017.09.29"]

1. d4 {[%clk 1:30:56]} Nf6 {[%clk 1:30:58]} 2. c4 {[%clk 1:31:19]} e6 {[%clk
1:31:26]} 3. g3 {[%clk 1:31:45]} d5 {[%clk 1:31:54]} 4. Nf3 {[%clk 1:32:11]}
Be7 {[%clk 1:32:20]} 5. Bg2 {[%clk 1:32:37]} O-O {[%clk 1:32:46]} 6. O-O {[%clk
1:33:03]} dxc4 {[%clk 1:33:14]} 7. Qc2 {[%clk 1:33:26]} a6 {[%clk 1:33:42]} 8.
a4 {[%clk 1:33:50]} b6 {[%clk 1:32:30]} 9. Ne5 {[%clk 1:31:34]} Ra7 {[%clk
1:32:54]} 10. Nxc4 {[%clk 1:30:54]} Bb7 {[%clk 1:29:52]} 11. Rd1 {[%clk
1:29:02]} Bxg2 {[%clk 1:29:32]} 12. Kxg2 {[%clk 1:29:25]} Qd5+ {[%clk 1:25:35]}
13. f3 {[%clk 1:29:14]} Nc6 {[%clk 1:23:21]} 14. e4 {[%clk 1:27:16]} Nb4 {[%clk
1:22:04]} 15. Qe2 {[%clk 1:25:37]} Qb7 {[%clk 1:19:52]} 16. Nc3 {[%clk
1:22:18]} Raa8 {[%clk 1:14:12]} 17. Be3 {[%clk 1:21:04]} Rfd8 {[%clk 1:12:35]}
18. Rac1 {[%clk 1:15:18]} Rac8 {[%clk 1:08:41]} 19. g4 {[%clk 1:03:18]} Nd7
{[%clk 0:57:05]} 20. Kg1 {[%clk 1:00:30]} c5 {[%clk 0:53:39]} 21. d5 {[%clk
0:56:05]} exd5 {[%clk 0:53:14]} 22. exd5 {[%clk 0:55:52]} Nf6 {[%clk 0:49:03]}
23. d6 {[%clk 0:52:34]} Bf8 {[%clk 0:49:25]} 24. Bg5 {[%clk 0:47:18]} b5 {[%clk
0:45:46]} 25. Bxf6 {[%clk 0:40:54]} gxf6 {[%clk 0:46:05]} 26. axb5 {[%clk
0:40:09]} axb5 {[%clk 0:46:28]} 27. Na5 {[%clk 0:32:25]} Qa7 {[%clk 0:40:46]}
28. Ne4 {[%clk 0:28:54]} c4+ {[%clk 0:35:07]} 29. Kg2 {[%clk 0:29:04]} Bg7
{[%clk 0:34:46]} 30. Ra1 {[%clk 0:26:16]} Nd3 {[%clk 0:32:53]} 31. Rxd3 {[%clk
0:26:25]} cxd3 {[%clk 0:33:18]} 32. Qxd3 {[%clk 0:26:49]} Qb6 {[%clk 0:32:30]}
33. Nb3 {[%clk 0:21:00]} Rc4 {[%clk 0:27:55]} 34. Rd1 {[%clk 0:16:29]} Rdc8
{[%clk 0:23:39]} 35. d7 {[%clk 0:14:49]} Rd8 {[%clk 0:23:58]} 36. Re1 {[%clk
0:12:54]} Qe6 {[%clk 0:19:26]} 37. Ra1 {[%clk 0:08:20]} Rxe4 {[%clk 0:18:18]}
38. Qxe4 {[%clk 0:06:34]} Qxe4 {[%clk 0:18:32]} 39. fxe4 {[%clk 0:06:59]} Rxd7
{[%clk 0:18:59]} 40. Ra8+ {[%clk 0:06:37]} Bf8 {[%clk 0:19:28]} 41. Ra5 {[%clk
0:01:05]} b4 {[%clk 0:18:49]} 42. Rd5 {[%clk 0:27:15]} Rc7 {[%clk 0:41:39]} 43.
Nd4 {[%clk 0:24:03]} Rc1 {[%clk 0:37:43]} 44. h4 {[%clk 0:21:58]} Rb1 {[%clk
0:35:16]} 45. b3 {[%clk 0:21:41]} Re1 {[%clk 0:33:47]} 46. Kf3 {[%clk 0:15:06]}
Rc1 {[%clk 0:33:48]} 47. Rd8 {[%clk 0:14:01]} Rc3+ {[%clk 0:32:23]} 48. Kf4
{[%clk 0:13:10]} Rc1 {[%clk 0:28:02]} 49. h5 {[%clk 0:13:03]} Rf1+ {[%clk
0:27:34]} 50. Ke3 {[%clk 0:12:45]} Rc1 {[%clk 0:21:58]} 51. Nf5 {[%clk
0:11:18]} Rc7 {[%clk 0:22:03]} 52. h6 {[%clk 0:10:48]} Ra7 {[%clk 0:21:20]} 53.
Kd4 {[%clk 0:11:00]} Rc7 {[%clk 0:21:07]} 54. Kd5 {[%clk 0:11:24]} Rc5+ {[%clk
0:20:49]} 55. Kd4 {[%clk 0:11:51]} Rc7 {[%clk 0:20:42]} 56. Ra8 {[%clk
0:12:13]} Rd7+ {[%clk 0:20:15]} 57. Ke3 {[%clk 0:11:55]} Rc7 {[%clk 0:20:01]}
58. Kf4 {[%clk 0:11:28]} Rd7 {[%clk 0:19:50]} 59. Rc8 {[%clk 0:11:42]} Ra7
{[%clk 0:19:24]} 60. Re8 {[%clk 0:11:17]} Rd7 {[%clk 0:19:04]} 61. Ne3 {[%clk
0:10:15]} Re7 {[%clk 0:17:55]} 62. Rxe7 {[%clk 0:10:41]} Bxe7 {[%clk 0:18:18]}
63. Nd5 {[%clk 0:10:46]} *

[Event "Deutsche Ländermeisterschaft 2017"]
[Site "Hannover GER"]
[Date "2017.10.03"]
[Round "6"]
[White "Philipp, Mathias"]
[Black "Wagner, Leopold Franziskus"]
[Result "0-1"]
[Termination "normal"]
[Board "6.2"]
[WhiteElo "2108"]
[BlackElo "2058"]
[WhiteClock "00:04:50"]
[BlackClock "00:24:14"]
[WhiteTeam "Thüringen"]
[BlackTeam "Nordrhein-Westfalen"]
[PlyCount "110"]
[WhiteFideId "12958883"]
[BlackFideId "1641581"]
[EventCountry "GER"]
[EventRounds "7"]
[EventType "team-swiss"]
[EventDate "2017.09.29"]

1. e4 {[%clk 1:30:58]} c5 2. Nf3 {[%clk 1:31:22]} d6 {[%clk 1:31:22]} 3. c3
{[%clk 1:31:50]} Nf6 {[%clk 1:31:23]} 4. Be2 {[%clk 1:32:18]} Nc6 {[%clk
1:31:09]} 5. d4 {[%clk 1:32:44]} cxd4 {[%clk 1:23:36]} 6. cxd4 {[%clk 1:32:46]}
e5 {[%clk 1:22:29]} 7. Nc3 {[%clk 1:27:09]} Be7 {[%clk 1:19:10]} 8. O-O {[%clk
1:26:08]} O-O {[%clk 1:18:48]} 9. h3 {[%clk 1:26:09]} a6 {[%clk 1:16:10]} 10.
d5 {[%clk 1:23:13]} Nb8 {[%clk 1:15:23]} 11. Be3 {[%clk 1:21:13]} Nbd7 {[%clk
1:14:56]} 12. b4 {[%clk 1:19:14]} b6 {[%clk 1:14:05]} 13. Nd2 {[%clk 1:17:43]}
Ne8 {[%clk 1:12:00]} 14. Nc4 {[%clk 1:15:43]} Bb7 {[%clk 1:11:34]} 15. Qb3
{[%clk 1:12:49]} Qc7 {[%clk 1:05:38]} 16. Rfc1 {[%clk 1:11:51]} Bd8 {[%clk
1:04:03]} 17. a4 {[%clk 1:11:16]} Qb8 {[%clk 1:01:41]} 18. Rab1 {[%clk
1:09:05]} Bc7 {[%clk 0:58:29]} 19. g3 {[%clk 1:06:50]} g6 {[%clk 0:55:57]} 20.
f4 {[%clk 1:05:20]} Qd8 {[%clk 0:45:27]} 21. Kh2 {[%clk 1:02:55]} Qe7 {[%clk
0:38:01]} 22. Bf3 {[%clk 0:55:50]} Rc8 {[%clk 0:36:10]} 23. Rf1 {[%clk
0:50:55]} Rb8 {[%clk 0:29:27]} 24. Rbd1 {[%clk 0:43:02]} Bc8 {[%clk 0:29:26]}
25. Bg2 {[%clk 0:42:19]} Ng7 {[%clk 0:28:14]} 26. b5 {[%clk 0:39:33]} f6 {[%clk
0:27:09]} 27. Qa3 {[%clk 0:33:16]} a5 {[%clk 0:26:50]} 28. Rde1 {[%clk
0:31:22]} Ne8 {[%clk 0:23:48]} 29. Na2 {[%clk 0:26:32]} Nc5 {[%clk 0:22:49]}
30. Bg1 {[%clk 0:25:05]} Bd7 {[%clk 0:21:20]} 31. Nc1 {[%clk 0:24:28]} Kg7
{[%clk 0:20:15]} 32. Bxc5 {[%clk 0:20:22]} dxc5 {[%clk 0:20:13]} 33. Qc3 {[%clk
0:20:46]} Nd6 {[%clk 0:16:04]} 34. Nxe5 {[%clk 0:20:07]} fxe5 {[%clk 0:15:25]}
35. fxe5 {[%clk 0:20:30]} Nxb5 {[%clk 0:14:30]} 36. axb5 {[%clk 0:19:48]} Bxe5
{[%clk 0:14:30]} 37. Qb3 {[%clk 0:19:05]} Qd6 {[%clk 0:13:40]} 38. Ne2 {[%clk
0:18:52]} h5 {[%clk 0:13:05]} 39. h4 {[%clk 0:15:08]} Rbc8 {[%clk 0:12:07]} 40.
Rc1 {[%clk 0:08:49]} Rxf1 {[%clk 0:09:35]} 41. Bxf1 {[%clk 0:07:21]} Qf6 {[%clk
0:08:14]} 42. Bg2 {[%clk 0:03:43]} Qxh4+ {[%clk 0:08:08]} 43. Kg1 {[%clk
0:03:55]} Qe7 {[%clk 0:07:43]} 44. Nf4 {[%clk 0:01:56]} Qd6 {[%clk 0:03:21]}
45. Rf1 {[%clk 0:21:50]} c4 {[%clk 0:32:40]} 46. Qc2 {[%clk 0:20:43]} c3 {[%clk
0:32:24]} 47. Kh1 {[%clk 0:17:27]} h4 {[%clk 0:31:04]} 48. Bh3 {[%clk 0:09:41]}
Bxh3 {[%clk 0:25:15]} 49. Nxh3 {[%clk 0:10:00]} hxg3 {[%clk 0:25:03]} 50. Kg2
{[%clk 0:10:14]} Qb4 {[%clk 0:24:20]} 51. Rb1 {[%clk 0:09:25]} Qd4 {[%clk
0:24:03]} 52. Rd1 {[%clk 0:09:41]} Qe3 {[%clk 0:24:11]} 53. d6 {[%clk 0:09:44]}
Rf8 {[%clk 0:24:08]} 54. Rf1 {[%clk 0:04:24]} Rxf1 {[%clk 0:24:19]} 55. Kxf1
{[%clk 0:04:50]} Qf3+ {[%clk 0:24:14]} 0-1

[Event "Deutsche Ländermeisterschaft 2017"]
[Site "Hannover GER"]
[Date "2017.10.03"]
[Round "6"]
[White "Delere, Adrian"]
[Black "Carnot, Luca"]
[Result "0-1"]
[Termination "normal"]
[Board "6.3"]
[WhiteElo "1872"]
[BlackElo "1968"]
[WhiteClock "00:46:10"]
[BlackClock "00:40:38"]
[WhiteTeam "Nordrhein-Westfalen"]
[BlackTeam "Thüringen"]
[PlyCount "54"]
[WhiteFideId "12990400"]
[BlackFideId "12958964"]
[EventCountry "GER"]
[EventRounds "7"]
[EventType "team-swiss"]
[EventDate "2017.09.29"]

1. e4 c5 {[%clk 1:30:46]} 2. Nf3 {[%clk 1:31:24]} Nc6 {[%clk 1:31:11]} 3. d4
{[%clk 1:31:45]} cxd4 {[%clk 1:31:34]} 4. Nxd4 {[%clk 1:32:11]} Nf6 {[%clk
1:31:57]} 5. Nc3 {[%clk 1:32:34]} g6 {[%clk 1:32:23]} 6. Bc4 {[%clk 1:23:38]}
Bg7 {[%clk 1:32:42]} 7. Be3 {[%clk 1:22:53]} O-O {[%clk 1:31:31]} 8. Bb3 {[%clk
1:14:34]} a5 {[%clk 1:31:39]} 9. f3 {[%clk 1:12:34]} d5 {[%clk 0:50:37]} 10.
Nxd5 {[%clk 1:01:46]} Nxd5 {[%clk 0:50:49]} 11. Bxd5 {[%clk 0:54:17]} Nxd4
{[%clk 0:50:16]} 12. Bxd4 {[%clk 0:54:32]} Bxd4 {[%clk 0:50:44]} 13. Qxd4
{[%clk 0:54:44]} e6 {[%clk 0:51:09]} 14. O-O-O {[%clk 0:53:14]} exd5 {[%clk
0:51:35]} 15. Kb1 {[%clk 0:53:15]} Qg5 {[%clk 0:50:11]} 16. exd5 {[%clk
0:52:32]} Qxg2 {[%clk 0:50:10]} 17. d6 {[%clk 0:51:30]} Bf5 {[%clk 0:50:25]}
18. Rc1 {[%clk 0:50:14]} Bxc2+ {[%clk 0:49:19]} 19. Ka1 {[%clk 0:49:05]} Bf5
{[%clk 0:49:05]} 20. Rhg1 {[%clk 0:48:44]} Qh3 {[%clk 0:47:50]} 21. Rg3 {[%clk
0:48:18]} Qh6 {[%clk 0:47:25]} 22. f4 {[%clk 0:47:47]} Qg7 {[%clk 0:46:51]} 23.
Qd5 {[%clk 0:47:18]} Rac8 {[%clk 0:46:46]} 24. Rc7 {[%clk 0:47:04]} Qf6 {[%clk
0:42:30]} 25. Rgc3 {[%clk 0:46:21]} Qe6 {[%clk 0:40:15]} 26. Qxb7 {[%clk
0:45:53]} Qe1+ {[%clk 0:40:38]} 27. Rc1 {[%clk 0:46:10]} Qxc1+ 0-1

[Event "Deutsche Ländermeisterschaft 2017"]
[Site "Hannover GER"]
[Date "2017.10.03"]
[Round "6"]
[White "Schlick, Stefan"]
[Black "Arakelian, Aik"]
[Result "1/2-1/2"]
[Termination "normal"]
[Board "6.4"]
[WhiteElo "1973"]
[BlackElo "1762"]
[WhiteClock "00:09:47"]
[BlackClock "00:36:07"]
[WhiteTeam "Thüringen"]
[BlackTeam "Nordrhein-Westfalen"]
[PlyCount "59"]
[WhiteFideId "16211332"]
[BlackFideId "16220340"]
[EventCountry "GER"]
[EventRounds "7"]
[EventType "team-swiss"]
[EventDate "2017.09.29"]

1. d4 {[%clk 1:30:56]} d5 {[%clk 1:30:37]} 2. c4 {[%clk 1:31:21]} e6 {[%clk
1:30:46]} 3. Nc3 {[%clk 1:31:30]} c5 {[%clk 1:26:25]} 4. cxd5 {[%clk 1:28:45]}
cxd4 {[%clk 1:26:42]} 5. Qa4+ {[%clk 1:12:28]} Bd7 {[%clk 1:26:58]} 6. Qxd4
{[%clk 1:12:41]} exd5 {[%clk 1:27:16]} 7. Nxd5 {[%clk 1:00:57]} Nc6 {[%clk
1:27:06]} 8. Qd3 {[%clk 0:51:48]} Be6 {[%clk 1:24:48]} 9. e4 {[%clk 0:51:29]}
Nf6 {[%clk 1:24:08]} 10. Nf4 {[%clk 0:36:26]} Bb4+ {[%clk 1:21:06]} 11. Bd2
{[%clk 0:36:46]} Qa5 {[%clk 1:21:03]} 12. Nxe6 {[%clk 0:33:45]} fxe6 {[%clk
1:18:05]} 13. Bxb4 {[%clk 0:31:40]} Qxb4+ {[%clk 1:18:09]} 14. Qc3 {[%clk
0:28:02]} Qxe4+ {[%clk 1:16:00]} 15. Qe3 {[%clk 0:27:34]} Qb4+ {[%clk 1:14:51]}
16. Qc3 {[%clk 0:27:29]} Qb6 {[%clk 1:12:00]} 17. O-O-O {[%clk 0:23:43]} Nb4
{[%clk 1:04:48]} 18. Kb1 {[%clk 0:23:49]} O-O {[%clk 1:03:41]} 19. Nh3 {[%clk
0:20:27]} Nfd5 {[%clk 1:00:37]} 20. Qb3 {[%clk 0:16:34]} a5 {[%clk 1:00:27]}
21. a3 {[%clk 0:16:42]} a4 {[%clk 0:47:14]} 22. Qg3 {[%clk 0:16:55]} Rfc8
{[%clk 0:43:52]} 23. axb4 {[%clk 0:15:15]} a3 {[%clk 0:43:32]} 24. Qb3 {[%clk
0:10:56]} Nxb4 {[%clk 0:41:28]} 25. bxa3 {[%clk 0:08:21]} Rxa3 {[%clk 0:41:08]}
26. Qxa3 {[%clk 0:08:24]} Nd3+ {[%clk 0:39:21]} 27. Ka1 {[%clk 0:08:36]} Qd4+
{[%clk 0:38:43]} 28. Kb1 {[%clk 0:08:58]} Qb6+ {[%clk 0:38:22]} 29. Ka1 {[%clk
0:09:24]} Qd4+ {[%clk 0:36:07]} 30. Kb1 {[%clk 0:09:47]} 1/2-1/2

[Event "Deutsche Ländermeisterschaft 2017"]
[Site "Hannover GER"]
[Date "2017.10.03"]
[Round "6"]
[White "Müdder, Melanie"]
[Black "Ratay, Meike"]
[Result "0-1"]
[Termination "normal"]
[Board "6.5"]
[WhiteElo "1798"]
[BlackElo "1812"]
[WhiteClock "00:07:01"]
[BlackClock "00:12:34"]
[WhiteTeam "Nordrhein-Westfalen"]
[BlackTeam "Thüringen"]
[PlyCount "46"]
[WhiteFideId "12994103"]
[BlackFideId "12977608"]
[EventCountry "GER"]
[EventRounds "7"]
[EventType "team-swiss"]
[EventDate "2017.09.29"]

1. e4 {[%clk 1:30:56]} e5 {[%clk 1:30:55]} 2. Nf3 {[%clk 1:31:20]} Nc6 {[%clk
1:31:20]} 3. d4 {[%clk 1:31:43]} exd4 {[%clk 1:31:43]} 4. Nxd4 {[%clk 1:32:04]}
Bc5 {[%clk 1:32:07]} 5. Nb3 {[%clk 1:32:19]} Bb6 {[%clk 1:31:45]} 6. Nc3 {[%clk
1:32:25]} Nf6 {[%clk 1:28:08]} 7. Qe2 {[%clk 1:29:52]} d6 {[%clk 1:22:36]} 8.
Be3 {[%clk 1:28:06]} Be6 {[%clk 1:18:30]} 9. O-O-O {[%clk 1:18:55]} Ng4 {[%clk
1:02:07]} 10. Nd5 {[%clk 0:48:13]} Nxe3 {[%clk 1:00:11]} 11. Nxe3 {[%clk
0:46:28]} Qg5 {[%clk 0:50:25]} 12. Re1 {[%clk 0:42:44]} O-O-O {[%clk 0:46:02]}
13. Kb1 {[%clk 0:42:02]} Rhe8 {[%clk 0:43:19]} 14. h4 {[%clk 0:36:09]} Qf4
{[%clk 0:39:26]} 15. g3 {[%clk 0:25:26]} Qxe4 {[%clk 0:34:50]} 16. Bg2 {[%clk
0:25:06]} Qa4 {[%clk 0:29:53]} 17. Qh5 {[%clk 0:17:11]} Nb4 {[%clk 0:18:10]}
18. Nd5 {[%clk 0:11:59]} Qxa2+ {[%clk 0:14:10]} 19. Kc1 {[%clk 0:12:21]} Nd3+
{[%clk 0:13:21]} 20. cxd3 {[%clk 0:09:31]} Qxb3 {[%clk 0:13:45]} 21. Nxb6+
{[%clk 0:09:09]} Qxb6 {[%clk 0:14:00]} 22. Qxh7 {[%clk 0:08:36]} Qxf2 {[%clk
0:13:35]} 23. Be4 {[%clk 0:07:01]} d5 {[%clk 0:12:34]} 0-1

[Event "Deutsche Ländermeisterschaft 2017"]
[Site "Hannover GER"]
[Date "2017.10.03"]
[Round "6"]
[White "Nguyen, Ha Thanh"]
[Black "Rudolph, Eva"]
[Result "0-1"]
[Termination "normal"]
[Board "6.6"]
[WhiteElo "1919"]
[BlackElo "1763"]
[WhiteClock "00:42:12"]
[BlackClock "00:24:55"]
[WhiteTeam "Thüringen"]
[BlackTeam "Nordrhein-Westfalen"]
[PlyCount "58"]
[WhiteFideId "12942154"]
[BlackFideId "16200594"]
[EventCountry "GER"]
[EventRounds "7"]
[EventType "team-swiss"]
[EventDate "2017.09.29"]

1. e4 {[%clk 1:30:58]} e5 {[%clk 1:30:55]} 2. Nf3 {[%clk 1:31:24]} Nf6 {[%clk
1:31:19]} 3. Nxe5 {[%clk 1:31:48]} d6 {[%clk 1:31:45]} 4. Nf3 {[%clk 1:32:12]}
Nxe4 {[%clk 1:32:10]} 5. d4 {[%clk 1:32:30]} d5 {[%clk 1:32:31]} 6. Bd3 {[%clk
1:32:50]} Nc6 {[%clk 1:32:52]} 7. O-O {[%clk 1:32:48]} Be7 {[%clk 1:32:43]} 8.
Re1 {[%clk 1:32:05]} Bg4 {[%clk 1:31:18]} 9. c3 {[%clk 1:31:47]} f5 {[%clk
1:28:52]} 10. Nbd2 {[%clk 1:30:46]} O-O {[%clk 1:28:23]} 11. Qb3 {[%clk
1:30:07]} Kh8 {[%clk 1:07:50]} 12. Qxb7 {[%clk 1:19:32]} Rf6 {[%clk 1:00:20]}
13. Qb3 {[%clk 1:16:13]} Rg6 {[%clk 0:55:11]} 14. Be2 {[%clk 1:15:28]} Bh3
{[%clk 0:51:16]} 15. g3 {[%clk 1:15:08]} f4 {[%clk 0:48:06]} 16. Nf1 {[%clk
1:11:57]} fxg3 {[%clk 0:46:38]} 17. fxg3 {[%clk 1:10:15]} Qd6 {[%clk 0:45:19]}
18. Bd3 {[%clk 0:55:24]} Rf8 {[%clk 0:39:52]} 19. Bxe4 {[%clk 0:53:59]} dxe4
{[%clk 0:38:34]} 20. Ne5 {[%clk 0:50:49]} Nxe5 {[%clk 0:32:54]} 21. dxe5 {[%clk
0:51:13]} Qxe5 {[%clk 0:32:20]} 22. c4 {[%clk 0:47:19]} Qf5 {[%clk 0:29:45]}
23. Be3 {[%clk 0:45:28]} Qf3 {[%clk 0:28:55]} 24. Qc2 {[%clk 0:45:27]} Rgf6
{[%clk 0:28:48]} 25. Bf4 {[%clk 0:43:27]} Bc5+ {[%clk 0:24:03]} 26. Ne3 {[%clk
0:42:35]} Bxe3+ {[%clk 0:24:02]} 27. Rxe3 {[%clk 0:41:19]} Qxe3+ {[%clk
0:24:14]} 28. Bxe3 {[%clk 0:41:46]} Rf1+ {[%clk 0:24:33]} 29. Rxf1 {[%clk
0:42:12]} Rxf1# {[%clk 0:24:55]} 0-1